000 00911nam a2200241Ii 4500
003 JO-AjNU
008 230605s9999||||xx |||||||||||||| ||und||
017 _a86/7027
020 _a977-1420-84-4
040 _aJO-AjNU
_bara
_erda
_cJO-AjNU
041 _aara
050 1 4 _aBP173.754.Y6754 1990
100 3 _aكمال،يوسف,
_eauthor
_910412
245 0 0 _aالإسلام والمذاهب الإقتصادية المعاصرة
250 _aط2 مزيدة ومنقحة
264 3 1 _aالمنصورة: دار الوفاء للطباعة والنشر والتوزيع، 1990
300 _a241ص
336 _atext
_btxt
_2rdacontent
337 _aunmediated
_bn
_2rdamedia
338 _avolume
_bnc
_2rdacarrier
490 0 _aاضواء على الاقتصاد الاسلامي 4
650 4 _aالاسلام والمذاهب الاقتصادية المعاصرة- الاقتصاد الاسلامي
_910413
999 _aA1793
_c5361
_d5361